Comunicaciones por satélite

-д хадгалсан:
Номзүйн дэлгэрэнгүй
Үндсэн зохиолч: Neri Vela, Rodolfo (autor)
Формат: Ном
Хэл сонгох:испани
Хэвлэсэн: Ciudad de México Thomson 2003
Нөхцлүүд:
Шошгууд: Шошго нэмэх
Шошго байхгүй, Энэхүү баримтыг шошголох эхний хүн болох!

MARC

LEADER 00000nam a2200000 a 4500
001 UCL8706
003 CL-VaPUC
008 040702e20030000MX |||||||||||||||||spa|d
020 |a 970686282X 
082 0 4 |a 621.38415  |b NER  |2 21 
100 |a Neri Vela, Rodolfo  |e autor  |9 486656 
245 1 0 |a Comunicaciones por satélite 
300 |a 492 p 
942 |c BK 
945 |d 20040702 00:00:00  |a cmena 
260 |a Ciudad de México  |b Thomson  |c 2003 
650 0 |a Telecomunicaciones   |9 257195 
650 7 |a COMUNICACION SATELITAL  |2 CL-VaPUC  |9 357061 
650 0 |a Propagación de ondas  |9 263256 
583 |a last modification  |c 20040702 00:00:00  |k Rodrigo Vera 
999 |c 309877  |d 309875 
952 |0 0  |1 0  |2 ddc  |4 0  |6 621_384150000000000_NER_2003  |7 0  |8 A  |9 377698  |a BIBING  |b BIBING  |c RES  |d 2019-11-21  |i 4034309  |o 621.38415 NER 2003  |p 4034309  |r 2025-01-20  |w 2019-11-21  |y BK  |k EIE 
952 |0 0  |1 0  |2 ddc  |4 0  |6 621_384150000000000_NER_2003  |7 0  |8 A  |9 377699  |a BIBING  |b BIBING  |c RES  |d 2019-11-21  |i 4135601  |o 621.38415 NER 2003  |p 4135601  |r 2025-01-20  |w 2019-11-21  |y BK  |k EIE 
952 |0 0  |1 0  |2 ddc  |4 0  |6 621_384150000000000_NER_2003  |7 0  |8 A  |9 377700  |a BIBING  |b BIBING  |c RES  |d 2019-11-21  |i 4138643  |o 621.38415 NER 2003  |p 4138643  |r 2025-01-20  |w 2019-11-21  |y BK  |k EIE 
952 |0 0  |1 0  |2 ddc  |4 0  |6 621_384150000000000_NER_2003  |7 0  |8 A  |9 377701  |a BIBING  |b BIBING  |c RES  |d 2019-11-21  |i 4138635  |o 621.38415 NER 2003  |p 4138635  |r 2025-01-20  |w 2019-11-21  |y BK  |k EIE 
952 |0 0  |1 0  |2 ddc  |4 0  |6 621_384150000000000_NER_2003  |7 0  |8 A  |9 377702  |a BIBING  |b BIBING  |c RES  |d 2019-11-21  |i 4138627  |o 621.38415 NER 2003  |p 4138627  |r 2025-01-20  |w 2019-11-21  |y BK  |k EIE 
952 |0 0  |1 0  |2 ddc  |4 0  |6 621_384150000000000_NER_2003  |7 0  |8 A  |9 377703  |a BIBING  |b BIBING  |c RES  |d 2019-11-21  |i 4138619  |o 621.38415 NER 2003  |p 4138619  |r 2025-01-20  |w 2019-11-21  |y BK  |k EIE